Peter -Taylor Swift (All Lyrics) - Statistics

General Stats
  • This quiz has been taken 21 times
  • The average score is 413 of 441
Answer Stats
Lyrics % Correct
a
100%
And
100%
and
100%
come
100%
do
100%
for
100%
I
100%
In
100%
it
100%
like
100%
me,
100%
me
100%
never
100%
Never
100%
of
100%
on
100%
on)
100%
Peter,
100%
said
100%
Said
100%
The
100%
the
100%
to
100%
To
100%
(to
100%
was
100%
we
100%
We
100%
were
100%
when
100%
When
100%
who
100%
You
100%
you
100%
But
95%
but
95%
did?
95%
did
95%
didn't
95%
fearless
95%
find
95%
Forgive
95%
from
95%
Get
95%
get
95%
gonna
95%
goodbye
95%
grow
95%
just
95%
kids
95%
leader
95%
lying?
95%
men
95%
my
95%
My
95%
now
95%
Oh,
95%
She
95%
she
95%
then
95%
thought
95%
your
95%
babes,
89%
by
89%
closets
89%
could
89%
deep
89%
down
89%
feeling
89%
found
89%
goddess
89%
Is
89%
is
89%
keep
89%
know
89%
lost
89%
Lost
89%
oceans
89%
once
89%
promises
89%
ribs
89%
something
89%
that
89%
timing
89%
trying,
89%
up,
89%
up
89%
us
89%
waited,
89%
wanna
89%
With
89%
Words
89%
25
84%
all
84%
always
84%
Are
84%
around
84%
As
84%
best
84%
both
84%
Boys
84%
chapter
84%
different
84%
easier
84%
expired
84%
fantasies
84%
galaxies
84%
hang
84%
life
84%
light
84%
love's
84%
mine
84%
moon
84%
mouths
84%
out
84%
please
84%
preserved
84%
same
84%
Than
84%
tried
84%
underneath
84%
won't
84%
you'd
84%
beguiling
79%
burn
79%
'Cause
79%
cedar,
79%
crossing
79%
earned
79%
feet
79%
ground,
79%
has
79%
hold
79%
(hold
79%
hoped
79%
I've
79%
jet
79%
lamp
79%
let
79%
perspective
79%
return
79%
shelf
79%
sits
79%
sometimes
79%
still
79%
stream
79%
tell
79%
those
79%
turned
79%
window
79%
woman
79%
confess
74%
days
74%
days)
74%
gets
74%
great
74%
heard
74%
learned
74%
masqueraded,
74%
mind-
74%
natural
74%
reader,
74%
stealer?
74%
things,
74%
scene-
68%
(ah)
42%
No matching quizzes found
Score Distribution
Percent of People with Each Score
Percentile by Number Answered
Your Score History
You have not taken this quiz